Riconosci il Pokémon - Quiz n°162 - Statistics

Statistiche generali
  • Questo quiz è stato fatto 1 volte
  • Il punteggio medio è 4 su 10
Statistiche sulle risposte
Indizio Risposta % Corretto
Abilità Fiorvelo; Simbiosi
100%
Tipo Folletto
100%
Stadio evoluzione Prima evoluzione
100%
Generazione Sesta
100%
Altezza 0,2 m
0%
Peso 0,9 kg
0%
Sesso 100% ♀
0%
Tasso di cattura 120 (24.9%)
0%
Pokémon Floette
0%
Tasso di allevamento Medio-Veloce
0%
Nessun quiz corrispondente trovato
Distribuzione punteggi
Percentuale di utenti per punteggio
Percentile per numero di risposta
I tuoi punteggi nel tempo
Non hai fatto questo quiz